000 00725nam a22002177a 4500
005 20240229160711.0
010 _aENG-139177
020 _a9789390951468
_c1200.00
035 _aEN-122709
037 _adpl
037 _bDBAD/PUB
082 _a658.4022
245 _aTechnology, Agility and Transformation:
_bEmergent Business Practices/
_cEdited by Tejas Shah; Mayank Bhatia and Samik Shome
260 _aNew Delhi
_bAllied Publishers
_c2023
270 _a1/13-14 Asaf Ali Road
_bNew Delhi
_e110002
300 _ax,314p
_c24cm(hbk)
700 _aShah, Tejas
_eEditor
_962640
700 _aBhatia, Mayank
_eEditor
_962641
700 _aShome, Samik
_eEditor
_962642
942 _2ddc
_cEN
_h658.4022
_mTEC
999 _c201166
_d201166